| 000 | 00413 a2200145 4500 | ||
|---|---|---|---|
| 005 | 20250319074616.0 | ||
| 020 | _a81-224-1684-5 | ||
| 082 | _a510 VEE | ||
| 100 | _aVEENA, G. R. | ||
| 245 | _aBasic Mathematics | ||
| 260 |
_aNew Delhi, _bNew Age International Publishers, _c2005. |
||
| 300 |
_axiv, 561p.: ill.; table. _c24cm. |
||
| 856 |
_yAccess online book _fMathematics _dwww.newagepublishers.com |
||
| 942 |
_2ddc _cBKS |
||
| 999 |
_c916 _d916 |
||